Knowledge-based expert systems in industry /

Gespeichert in:
Bibliographische Detailangaben
Weitere Verfasser: Kriz, J (Zusammenstellung)
Format: Buch
Sprache:Englisch
Veröffentlicht: New York : Ellis Horwood, 1987
Tags: Tag hinzufügen
Keine Tags, Fügen Sie das erste Tag hinzu!

MARC

LEADER 00000nam a22000003a 4500
001 stu3321
005 20150617225616.1
008 930319s1987----xxu-----------------eng-d
040 |a STU  |b slo 
041 0 |a eng 
044 |a xxu 
080 |a 681.322.06 
080 |a 519.685  |7 stu_us_auth*stu8263 
080 |a 519.7/.8 
100 1 |a Kriz, J  |4 com 
245 1 |a Knowledge-based expert systems in industry /  |c Edit.: Kriz,J 
260 |a New York :  |b Ellis Horwood,  |c 1987 
300 |a 161 s 
996 |b I3970  |c I*3970  |l II680  |s A  |a 24  |w stu3321_0001